| 000 | 01531nam0a2200361 4500 | ||
|---|---|---|---|
| 001 | RU\NLR\bibl\905877 | ||
| 005 | 20260405094327.0 | ||
| 010 |
_a5-699-09664-7 _bв пер. |
||
| 021 |
_aRU _b2005-77487 _93819 |
||
| 035 | _a(nilc)RSL-KNO-002775061 | ||
| 035 | _a(NLR Aleph) 000894272 | ||
| 090 |
_a1737725 _c1737725 |
||
| 100 | _a20051125d2005 |||y0rusy50 ca | ||
| 101 | 0 |
_arus _aeng |
|
| 102 | _aRU | ||
| 105 | _ay ||||||||| | ||
| 106 | _ar | ||
| 200 | 1 |
_aАнгло-русский полный юридический словарь _fА. С. Мамулян, С. Ю. Кашкин |
|
| 210 |
_aМосква _cЭксмо _d2005 |
||
| 215 |
_a813 с. _d22 |
||
| 225 | 1 | _aРоссийское юридическое образование | |
| 300 | _aВ подписи к предисл. авт.: д.ю.н., юрист-международник А.С. Мамулян, проф., д.ю.н. С.Ю. Кашкин | ||
| 606 | 1 |
_aАнглийский язык _xТерминология правовая _xСловари _xРусский язык _9970867 _3RU\NLR\auth\6645291 |
|
| 686 | _aШ143.21-434.1 | ||
| 686 | _aШ141.12-434.2 | ||
| 700 | 1 |
_4070 _8rus _7ca _aМамулян _bА. С. _gАлексей Сергеевич _3RU\NLR\auth\7735049 _918048 |
|
| 701 | 1 |
_4070 _8rus _7ca _aКашкин _bС. Ю. _gСергей Юрьевич _3RU\NLR\auth\7735053 _918052 |
|
| 801 | 0 |
_aRU _bRuMoRKP _c20051125 _grcr |
|
| 801 | 1 |
_aRU _bRuMoRGB _c20051125 |
|
| 801 | 2 |
_aRU _bNLR _c20060209 _grcr |
|
| 942 | _cBOOK | ||
| 980 | _aNB | ||